MARC

LEADER 00000nam0a2200000 4500
001 52414
005 20231031041549.0
035 |a (RuTPU)RU\TPU\book\54922 
090 |a 52414 
100 |a 20030529d2002 k y0rusy50 ca 
101 0 |a rus 
102 |a RU 
105 |a a z 001zy 
200 1 |a Сейсмичность при горных работах  |f Кольский научный центр; Под ред. Н. Н. Мельникова 
210 |a Апатиты  |c Изд-во Кольского научного центра РАН  |d 2002 
215 |a 325 с.  |c ил. 
320 |a Библиогр.: с. 309-320 
610 1 |a горное дело 
610 1 |a горные работы 
610 1 |a природно-технические системы 
610 1 |a техногенные катастрофы 
610 1 |a напряженные состояния 
610 1 |a потенциально опасные зоны 
610 1 |a техногенная сейсмичность 
610 1 |a мощные взрывы 
610 1 |a удары 
610 1 |a землетрясения 
610 1 |a профилактика 
675 |a 622.831.32  |v 3 
675 |a 550.34  |v 3 
702 1 |a Мельников  |b Н. Н.  |4 340 
712 0 2 |a Российская академия наук (РАН)  |b Кольский научный центр  |c (Апатиты)  |2 stltpush  |3 (RuTPU)RU\TPU\col\262 
801 1 |a RU  |b 63413507  |c 20030529  |g PSBO 
801 2 |a RU  |b 63413507  |c 20110526  |g PSBO 
942 |c BK